Normal view
MARC view
Entry Personal Name
001 - CONTROL NUMBER
- control field: 13608
003 - CONTROL NUMBER IDENTIFIER
- control field: BD-RjUL
005 - DATE AND TIME OF LATEST TRANSACTION
- control field: 20240925145913.0
008 - FIXED-LENGTH DATA ELEMENTS
- fixed length control field: 240925|| aca||aabn | a|a d
040 ## - CATALOGING SOURCE
- Original cataloging agency: BD-RjUL
- Transcribing agency: BD-RjUL
100 ## - HEADING--PERSONAL NAME
- Personal name: Biswas, R.K., Supervisor
670 ## - SOURCE DATA FOUND
- Source citation: Work cat.: (BD-RjUL)84040: Singha, Hari Prosad 13606, Some Physis-Chemical Properties of Cyanex 272 and Extraction of some Metal Ions /, 2006